Greece : the five-year economic and social development plan 1983-87: summary

Αποθηκεύτηκε σε:
Λεπτομέρειες βιβλιογραφικής εγγραφής
Συγγραφή απο Οργανισμό/Αρχή: Κέντρο Προγραμματισμού και Οικονομικών Ερευνών
Μορφή: Βιβλίο
Γλώσσα:English
Δημοσίευση: [Athens] : Centre of Planning and Economic Research,
Θέματα:
Ετικέτες: Προσθήκη ετικέτας
Δεν υπάρχουν, Καταχωρήστε ετικέτα πρώτοι!

MARC

LEADER 00000nam a2200000 i 4500
001 1/5493
008 960606s eng d
035 |l 10016023 
040 |a GR-MY-UA  |b gre  |e aacr 
041 0 |a eng 
082 0 |a 338.9495 
245 1 0 |a Greece :  |b the five-year economic and social development plan 1983-87: summary /  |c Edited by The Centre of Planning and Economic Research 
260 |a [Athens] :   |b Centre of Planning and Economic Research,  
300 |a 74 p.;  |c maps 
650 0 0 |a Social planning  |z Greece  |y 20th century. 
650 0 0 |a Economic development. 
651 0 |a Greece  |x Economic conditions  |y 20th century. 
710 2 |a Κέντρο Προγραμματισμού και Οικονομικών Ερευνών. 
852 |a INST  |b LESVOS  |e 19960606  |h 338.9495 GRE  |p 005100004216  |q 005100004216  |t BK  |y 0 
909 |a Λ  |b 015068